[Event "XXXII Festival Conca della Presolana Magistrale"]
[Site "Bratto - Castione della Presolana ITA"]
[Date "2012.08.18"]
[Round "1"]
[White "Sala, Giovanni"]
[Black "Brun, Dario"]
[WhiteElo "2022"]
[BlackElo "2262"]
[Result "1/2-1/2"]
[PlyCount "91"]
[EventDate "2012.08.18"]

1. c4 e5 2. g3 Nf6 3. Bg2 d5 4. cxd5 Nxd5 5. Nc3 Nb6 6. Nf3 Nc6 7. O-O Be7 8.
a3 O-O 9. b4 Be6 10. Rb1 f6 11. d3 a5 12. b5 Nd4 13. Nd2 Bd5 14. Nxd5 Nxd5 15.
Bxd5+ Qxd5 16. a4 Rfd8 17. Bb2 Ne6 18. Qb3 Bb4 19. Qxd5 Rxd5 20. Nb3 Rad8 21.
Rfc1 R8d7 22. Rc4 Kf7 23. Rbc1 Ke8 24. Kg2 Kd8 25. h4 h5 26. Bc3 Bxc3 27. R1xc3
Nd4 28. Nxa5 Nxe2 29. Nxb7+ Kc8 30. Nc5 Nxc3 31. Nxd7 Nxa4 32. Nxf6 gxf6 33.
Rxa4 Rxb5 34. Kf3 Kd7 35. Ra6 Rb6 36. Ra8 Rb3 37. Ke4 Ke6 38. Re8+ Kf7 39. Rh8
Ke6 40. Re8+ Kf7 41. Rh8 Rb2 42. Ke3 Kg6 43. Rg8+ Kh7 44. Re8 c5 45. Re6 Kg6
46. Re8 1/2-1/2

[Event "XXXII Festival Conca della Presolana Magistrale"]
[Site "Bratto - Castione della Presolana ITA"]
[Date "2012.08.18"]
[Round "1"]
[White "Sharma, Dinesh K."]
[Black "Cugini, Verter"]
[WhiteElo "2361"]
[BlackElo "2072"]
[Result "1-0"]
[PlyCount "71"]
[EventDate "2012.08.18"]

1. e4 e6 2. d4 d5 3. Nc3 Nf6 4. Bg5 Bb4 5. e5 h6 6. Bd2 Bxc3 7. bxc3 Ne4 8. Qg4
g6 9. Qf4 c5 10. Bd3 Nxd2 11. Qxd2 Nc6 12. Nf3 Qa5 13. h4 cxd4 14. cxd4 Qxd2+
15. Kxd2 Bd7 16. h5 g5 17. c3 O-O-O 18. Nh2 f5 19. exf6 e5 20. Bb5 exd4 21.
cxd4 Nxd4 22. Bxd7+ Kxd7 23. Rhe1 Rde8 24. Ng4 Nc6 25. Rab1 Rxe1 26. Rxe1 Rh7
27. g3 b6 28. Re3 Na5 29. Ne5+ Ke6 30. f7 Rxf7 31. Nxf7+ Kxf7 32. Rf3+ Ke7 33.
Rf5 d4 34. Kd3 Nc6 35. Rb5 Ke6 36. Ke4 1-0

[Event "XXXII Festival Conca della Presolana Magistrale"]
[Site "Bratto - Castione della Presolana ITA"]
[Date "2012.08.18"]
[Round "1"]
[White "Ventura, Salvatore"]
[Black "Ranieri, Fabrizio"]
[WhiteElo "2026"]
[BlackElo "2287"]
[Result "0-1"]
[PlyCount "142"]
[EventDate "2012.08.18"]

1. f4 e6 2. Nf3 c5 3. e3 Nf6 4. d4 d5 5. Bd3 Be7 6. O-O O-O 7. c3 b6 8. Qe2 a5
9. a4 Ba6 10. Bxa6 Nxa6 11. Bd2 c4 12. Be1 Ne4 13. Nbd2 Nxd2 14. Nxd2 f5 15.
Rf3 Nc7 16. Rh3 Ne8 17. Nf3 g6 18. Bh4 Bxh4 19. Rxh4 Nf6 20. Rh3 Qc7 21. Ne5
Rab8 22. Qf2 Qg7 23. Rf3 Rfc8 24. Qc2 Ne4 25. Rff1 b5 26. axb5 Rxb5 27. Rfb1
Qb7 28. Nf3 Rb8 29. Ra2 Rb3 30. Nd2 Nxc3 31. bxc3 Rxb1+ 32. Nxb1 Qxb1+ 33. Qxb1
Rxb1+ 34. Kf2 Rb5 35. Ke2 h6 36. Kd2 a4 37. Kc2 Ra5 38. Kb2 Ra8 39. Ka3 Rb8 40.
Rc2 Rb3+ 41. Kxa4 Kf7 42. Ka5 Kf6 43. Ka4 g5 44. Ka5 Kg6 45. Ka6 Kh5 46. Ka5 g4
47. g3 Kg6 48. Ka4 Kf6 49. Ka5 h5 50. Ka4 Ke7 51. Ka5 Kf7 52. Ka4 h4 53. Ka5 h3
54. Ka4 Ke7 55. Ka5 Kd6 56. Ka4 Kc6 57. Ka5 Kb7 58. Ka4 Kb6 59. Rc1 Rb2 60. Rh1
Ka6 61. Ka3 Rb3+ 62. Ka2 Rxc3 63. Kb2 Rxe3 64. Kc2 Kb6 65. Kd2 Rd3+ 66. Kc2
Rxd4 67. Rb1+ Kc5 68. Ra1 Re4 69. Kd2 Kd4 70. Ra4 Re3 71. Rb4 Rb3 0-1

[Event "XXXII Festival Conca della Presolana Magistrale"]
[Site "Bratto - Castione della Presolana ITA"]
[Date "2012.08.18"]
[Round "1"]
[White "Viaggi, Stefano"]
[Black "Vezzosi, Paolo"]
[WhiteElo "2045"]
[BlackElo "2309"]
[Result "0-1"]
[PlyCount "62"]
[EventDate "2012.08.18"]

1. d4 Nf6 2. Nf3 c5 3. g3 b6 4. Bg2 Bb7 5. O-O g6 6. Nc3 cxd4 7. Qxd4 d6 8. Rd1
Nbd7 9. Qh4 Rc8 10. Bh6 Bxh6 11. Qxh6 Rc5 12. Ng5 Bxg2 13. Kxg2 Qa8+ 14. f3 Ne5
15. Rd4 Kd7 16. Nge4 Nxe4 17. Rxe4 Qf8 18. Qh4 Qg7 19. Ra4 Nc6 20. Rd1 f5 21.
Rc4 g5 22. Rg4 fxg4 23. Qxg4+ Kc7 24. Nd5+ Rxd5 25. Rxd5 Qxb2 26. Qe4 h6 27. a4
Qb4 28. Qd3 Qxa4 29. Qg6 Qc4 30. Rxd6 Qxe2+ 31. Kg1 Ne5 0-1

[Event "XXXII Festival Conca della Presolana Magistrale"]
[Site "Bratto - Castione della Presolana ITA"]
[Date "2012.08.19"]
[Round "2"]
[White "Bonade', Massimo"]
[Black "Cebalo, Miso"]
[WhiteElo "2081"]
[BlackElo "2435"]
[Result "1/2-1/2"]
[PlyCount "189"]
[EventDate "2012.08.18"]

1. d4 Nf6 2. Nf3 c5 3. e3 g6 4. Bd3 Bg7 5. O-O O-O 6. b3 b6 7. Bb2 Bb7 8. Nbd2
Nc6 9. c4 cxd4 10. Nxd4 d5 11. Nxc6 Bxc6 12. Qe2 dxc4 13. Bxc4 b5 14. Bd3 Qd7
15. Rfd1 Qb7 16. Nf3 Rfd8 17. Ne5 Be8 18. Rac1 Rac8 19. Rxc8 Rxc8 20. Qf3 Qb8
21. Qe2 e6 22. Nf3 a6 23. Be5 Qb7 24. Qb2 Nh5 25. Bxg7 Nxg7 26. Ng5 Qe7 27. Ne4
e5 28. Nc3 Rd8 29. Qc2 Ne6 30. Be4 Rxd1+ 31. Qxd1 Qc5 32. Nd5 Kg7 33. b4 Qc4
34. Qc2 Qxc2 35. Bxc2 Bc6 36. Nc3 f5 37. Kf1 Kf6 38. Bb3 Nc7 39. f3 g5 40. Ke2
h5 41. Kf2 h4 42. g3 hxg3+ 43. hxg3 Ke7 44. Bc2 Bd7 45. f4 gxf4 46. gxf4 Kd6
47. fxe5+ Kxe5 48. Kg3 Be6 49. a3 Bc4 50. Kh4 Ne6 51. Kg3 Nc7 52. Kh4 f4 53.
exf4+ Kxf4 54. a4 Ke3 55. axb5 axb5 56. Bg6 Kd4 57. Nxb5+ Bxb5 58. Kg5 Ke5 59.
Bf7 Na6 60. Bb3 Nxb4 61. Bf7 Bd7 62. Bc4 Bf5 63. Bb3 Nc6 64. Bc4 Nd4 65. Bf7
Nf3+ 66. Kh6 Kf6 67. Bg6 Be6 68. Bd3 Ne5 69. Bc2 Bg8 70. Bd1 Bd5 71. Bc2 Ng4+
72. Kh5 Bf3 73. Kh4 Ne3 74. Kg3 Bd5 75. Bd3 Kg5 76. Bb5 Nf5+ 77. Kf2 Kf4 78.
Bd7 Nd4 79. Bc8 Bf3 80. Bd7 Nb3 81. Bc8 Nc5 82. Bf5 Bh5 83. Bc2 Bg4 84. Bg6 Nd7
85. Bb1 Ne5 86. Bc2 Bf3 87. Ba4 Nd3+ 88. Kf1 Ke3 89. Bb5 Nf4 90. Ke1 Ng2+ 91.
Kf1 Be4 92. Ba6 Kf3 93. Be2+ Kg3 94. Ba6 Bf3 95. Bb5 1/2-1/2

[Event "XXXII Festival Conca della Presolana Magistrale"]
[Site "Bratto - Castione della Presolana ITA"]
[Date "2012.08.19"]
[Round "2"]
[White "Bresciani, Nicola"]
[Black "Reduzzi, Maurizio"]
[WhiteElo "2255"]
[BlackElo "2103"]
[Result "1-0"]
[PlyCount "71"]
[EventDate "2012.08.18"]

1. e4 c5 2. Nf3 e6 3. d4 cxd4 4. Nxd4 a6 5. Be2 Qc7 6. O-O Nf6 7. Nc3 Nc6 8.
Be3 Bd6 9. h3 Bh2+ 10. Kh1 Bf4 11. Qd2 Bxe3 12. Qxe3 O-O 13. Nxc6 dxc6 14. e5
Nd5 15. Qg3 Nxc3 16. Qxc3 Bd7 17. Rad1 c5 18. Rd2 Bc6 19. Rfd1 Rad8 20. f4 Rd5
21. Bf3 Rxd2 22. Rxd2 Bxf3 23. Qxf3 g6 24. Qd1 Rc8 25. Rd7 Qb6 26. b3 c4 27.
Rxf7 Rd8 28. Rd7 Rxd7 29. Qxd7 cxb3 30. axb3 h5 31. c4 Qxb3 32. Qxe6+ Kg7 33.
Qf6+ Kh7 34. Qf7+ Kh8 35. Qf8+ Kh7 36. e6 1-0

[Event "XXXII Festival Conca della Presolana Magistrale"]
[Site "Bratto - Castione della Presolana ITA"]
[Date "2012.08.19"]
[Round "2"]
[White "Brun, Dario"]
[Black "Burmakin, Vladimir"]
[WhiteElo "2262"]
[BlackElo "2608"]
[Result "0-1"]
[PlyCount "42"]
[EventDate "2012.08.18"]

1. d4 c6 2. c4 g6 3. Nc3 Bg7 4. e4 d6 5. Be2 e5 6. Nf3 Bg4 7. d5 Ne7 8. Be3 O-O
9. O-O c5 10. Rb1 Nd7 11. b4 cxb4 12. Rxb4 b6 13. Nd2 Bxe2 14. Qxe2 f5 15. f3
f4 16. Bf2 g5 17. Nb5 Rf6 18. Rb3 h5 19. Ra3 Nc8 20. Kh1 g4 21. Bg1 21... Bf8 {
...} 0-1

[Event "XXXII Festival Conca della Presolana Magistrale"]
[Site "Bratto - Castione della Presolana ITA"]
[Date "2012.08.19"]
[Round "2"]
[White "Cattaneo, Marco"]
[Black "Contini, Davide"]
[WhiteElo "2025"]
[BlackElo "2130"]
[Result "1-0"]
[PlyCount "55"]
[EventDate "2012.08.18"]

1. d4 Nf6 2. Nf3 d5 3. c4 g6 4. Nc3 Bg7 5. cxd5 Nxd5 6. e4 Nxc3 7. bxc3 O-O 8.
Rb1 c5 9. Be2 cxd4 10. cxd4 Qa5+ 11. Bd2 Qxa2 12. O-O Qe6 13. Qc2 Qc6 14. Qd3
Qd7 15. Qe3 a6 16. Rfc1 b5 17. Qf4 Qe6 18. Qh4 Qf6 19. Bg5 Qe6 20. h3 Qa2 21.
Bxe7 Re8 22. Bd3 Nd7 23. e5 Nb6 24. Be4 Bb7 25. Bxb7 Ra7 26. Ra1 Qe6 27. Bc5
Rxb7 28. Ng5 1-0

[Event "XXXII Festival Conca della Presolana Magistrale"]
[Site "Bratto - Castione della Presolana ITA"]
[Date "2012.08.19"]
[Round "2"]
[White "Ceccarini, Marco"]
[Black "Casadei, Mauro"]
[WhiteElo "2058"]
[BlackElo "2165"]
[Result "1-0"]
[PlyCount "37"]
[EventDate "2012.08.18"]

1. e4 e5 2. Bc4 Nc6 3. Nf3 Nf6 4. d4 exd4 5. O-O Nxe4 6. Re1 d5 7. Bxd5 Qxd5 8.
Nc3 Qh5 9. Nxe4 Be6 10. Bg5 Be7 11. Bxe7 Kxe7 12. Neg5 Rad8 13. Nxe6 fxe6 14.
Rxe6+ Kf8 15. Qd2 h6 16. Rae1 Kg8 17. Qd3 Kf7 18. Qe4 Rhf8 19. Rxc6 1-0

[Event "XXXII Festival Conca della Presolana Magistrale"]
[Site "Bratto - Castione della Presolana ITA"]
[Date "2012.08.19"]
[Round "2"]
[White "Cugini, Verter"]
[Black "Giretti Kanev, Jasen"]
[WhiteElo "2072"]
[BlackElo "2189"]
[Result "1/2-1/2"]
[PlyCount "132"]
[EventDate "2012.08.18"]

1. e4 e6 2. d4 d5 3. Nd2 dxe4 4. Nxe4 Nf6 5. Nxf6+ gxf6 6. Nf3 b6 7. Bb5+ c6 8.
Bc4 Ba6 9. Bxa6 Nxa6 10. O-O Qd5 11. c3 Rg8 12. Bf4 O-O-O 13. Bg3 Kb7 14. Qb3
Qxb3 15. axb3 Bd6 16. Rfe1 Nc7 17. c4 Bxg3 18. hxg3 a5 19. Kf1 Na6 20. Re4 c5
21. d5 Nc7 22. dxe6 fxe6 23. Rh4 Rd3 24. Rxh7 Rxb3 25. Ra2 Rd8 26. Ke2 Kc6 27.
Nd2 Rbd3 28. b3 Na6 29. Rb2 Nc7 30. Rf7 Ne8 31. Ne4 f5 32. Ng5 R3d4 33. Re7 Rg4
34. Rxe6+ Rd6 35. Rxe8 Rxg5 36. Rf8 Re6+ 37. Kf3 b5 38. Re2 Rxe2 39. Kxe2 bxc4
40. bxc4 Kd6 41. Kd3 Ke6 42. Ra8 f4 43. Ra6+ Kd7 44. Rxa5 fxg3 45. f4 Rg4 46.
Ke4 Kc6 47. Ra6+ Kb7 48. Rh6 Rg8 49. f5 Rg4+ 50. Kd5 Rf4 51. f6 Rf2 52. Kxc5
Rxg2 53. Rh7+ Ka6 54. Rg7 Rf2 55. f7 g2 56. Rxg2 Rxf7 57. Rb2 Rc7+ 58. Kd5 Rh7
59. Rb8 Rh5+ 60. Kc6 Rh6+ 61. Kc5 Rh5+ 62. Kb4 Ka7 63. Rg8 Kb7 64. Rg7+ Kc6 65.
Rg6+ Kc7 66. c5 Rh1 1/2-1/2

[Event "XXXII Festival Conca della Presolana Magistrale"]
[Site "Bratto - Castione della Presolana ITA"]
[Date "2012.08.19"]
[Round "2"]
[White "David, Alberto"]
[Black "Alberton, Roberto"]
[WhiteElo "2595"]
[BlackElo "2108"]
[Result "1-0"]
[PlyCount "41"]
[EventDate "2012.08.18"]

1. d4 d6 2. Nf3 Bg4 3. e4 Nc6 4. d5 Ne5 5. Nxe5 Bxd1 6. Bb5+ c6 7. dxc6 Qa5+ 8.
Nc3 O-O-O 9. cxb7+ Kxb7 10. Nc6 Qc7 11. Nd5 Qc8 12. Be3 a6 13. a4 Qxc6 14.
Bxc6+ Kxc6 15. Rxd1 e6 16. Nc3 Rb8 17. b3 Nf6 18. Rd4 d5 19. exd5+ exd5 20. O-O
Bb4 21. Rd3 1-0

[Event "XXXII Festival Conca della Presolana Magistrale"]
[Site "Bratto - Castione della Presolana ITA"]
[Date "2012.08.19"]
[Round "2"]
[White "Esposito, Luca"]
[Black "Janev, Evgeni"]
[WhiteElo "2256"]
[BlackElo "2457"]
[Result "0-1"]
[PlyCount "88"]
[EventDate "2012.08.18"]

1. d4 g6 2. Nf3 Bg7 3. c4 d6 4. g3 c6 5. Bg2 Nf6 6. Nc3 O-O 7. O-O Qa5 8. e4
Bg4 9. h3 Bxf3 10. Bxf3 Nfd7 11. a3 c5 12. e5 cxd4 13. Bxb7 dxc3 14. Bxa8 Nxe5
15. b3 Nbc6 16. Bxc6 Nxc6 17. Be3 Rb8 18. b4 Qc7 19. Rc1 Qd7 20. Kh2 Rc8 21. f4
e6 22. Qd3 d5 23. Rfd1 Qe8 24. cxd5 exd5 25. b5 d4 26. Bf2 Na5 27. Bxd4 Bxd4
28. Qxd4 Nb3 29. Qe5 Qxe5 30. fxe5 c2 31. Re1 Kf8 32. Kg2 Ke7 33. a4 Rc5 34.
Kf3 Ke6 35. Kf4 h6 36. h4 Kd5 37. a5 Rc4+ 38. Kf3 Kc5 39. b6 axb6 40. axb6 Nxc1
41. b7 Nd3 42. Rc1 Nxe5+ 43. Ke3 Rc3+ 44. Kd2 Rb3 0-1

[Event "XXXII Festival Conca della Presolana Magistrale"]
[Site "Bratto - Castione della Presolana ITA"]
[Date "2012.08.19"]
[Round "2"]
[White "Formento, Paolo"]
[Black "Viaggi, Stefano"]
[WhiteElo "2147"]
[BlackElo "2045"]
[Result "1-0"]
[PlyCount "71"]
[EventDate "2012.08.18"]

1. e4 d6 2. d4 Nf6 3. Nc3 c6 4. a4 g6 5. f4 Qa5 6. Bd2 Qb6 7. a5 Qc7 8. Nf3 Bg4
9. h3 Bxf3 10. Qxf3 e6 11. Bd3 d5 12. e5 Nfd7 13. O-O Na6 14. Bxa6 bxa6 15. Qe2
Qc8 16. Na4 c5 17. c4 Qc6 18. cxd5 Qxd5 19. dxc5 Bxc5+ 20. Nxc5 Qxc5+ 21. Be3
Qb5 22. Qxb5 axb5 23. Rfd1 f6 24. Rd6 Ke7 25. Rad1 Rhd8 26. b4 h6 27. Bc5 Nxc5
28. exf6+ Kxf6 29. Rxd8 Rxd8 30. Rxd8 Ke7 31. Ra8 Nd3 32. Rxa7+ Kd6 33. Ra6+
Kd5 34. Rb6 Nxb4 35. Rxb5+ Kc4 36. Rxb4+ 1-0

[Event "XXXII Festival Conca della Presolana Magistrale"]
[Site "Bratto - Castione della Presolana ITA"]
[Date "2012.08.19"]
[Round "2"]
[White "Genocchio, Daniele"]
[Black "Sala, Giovanni"]
[WhiteElo "2440"]
[BlackElo "2022"]
[Result "1-0"]
[PlyCount "45"]
[EventDate "2012.08.18"]

1. e4 c5 2. Nf3 d6 3. c3 Nf6 4. Be2 Nc6 5. d4 cxd4 6. cxd4 Nxe4 7. d5 Qa5+ 8.
Nc3 Nxc3 9. bxc3 Ne5 10. Nxe5 dxe5 11. O-O e6 12. Rb1 a6 13. d6 Qc5 14. Be3
Qxd6 15. Qc2 f5 16. Rfd1 Qc6 17. Rb6 Qc7 18. Qa4+ Bd7 19. Rxd7 Qxd7 20. Bb5
axb5 21. Qxa8+ Qd8 22. Rxe6+ Be7 23. Rxe7+ 1-0

[Event "XXXII Festival Conca della Presolana Magistrale"]
[Site "Bratto - Castione della Presolana ITA"]
[Date "2012.08.19"]
[Round "2"]
[White "Gentili, Gianguido"]
[Black "Bemporad, Filippo"]
[WhiteElo "2169"]
[BlackElo "2079"]
[Result "0-1"]
[PlyCount "134"]
[EventDate "2012.08.18"]

1. Nf3 Nf6 2. c4 c5 3. g3 Nc6 4. Bg2 g6 5. Nc3 Bg7 6. O-O O-O 7. d3 d6 8. Rb1
Bd7 9. h3 Rb8 10. a3 Qc8 11. Kh2 a6 12. Bg5 Re8 13. Qc1 b5 14. Nd5 bxc4 15.
Bxf6 exf6 16. Qf4 Re6 17. dxc4 Ne5 18. Qc1 Bc6 19. Rd1 Nd7 20. e3 Bh6 21. Qc3
f5 22. b3 Bxd5 23. Rxd5 Nf6 24. Rdd1 Ne4 25. Qc2 Bg7 26. Rd3 Qc7 27. Kg1 Qa5
28. a4 Qb4 29. h4 h6 30. h5 g5 31. Rc1 Qb6 32. Rcd1 Qc7 33. Rb1 Rb6 34. Nh2 Qe7
35. g4 fxg4 36. Bxe4 Rxe4 37. Nf1 Qf6 38. Rxd6 Re6 39. Rxb6 Rxb6 40. Qd1 Qe6
41. Qd8+ Kh7 42. Qd3+ Kg8 43. Ng3 Rd6 44. Qe4 Be5 45. Qa8+ Kg7 46. Ne4 Rc6 47.
Rd1 Bc7 48. Nc3 g3 49. Nd5 gxf2+ 50. Kxf2 Be5 51. Ne7 Rd6 52. Qg8+ Kf6 53. Rxd6
Bxd6 54. Nd5+ Kf5 55. Qh7+ Kg4 56. e4 Kxh5 57. Ne3 Qg6 58. Qh8 Qxe4 59. Qc8
Qf4+ 60. Ke2 g4 61. Qd7 Qf3+ 62. Kd3 Bf4 63. Qxf7+ Kh4 64. Qe7+ Kh3 65. Qxc5
Qxe3+ 66. Qxe3+ Bxe3 67. Kxe3 g3 0-1

[Event "XXXII Festival Conca della Presolana Magistrale"]
[Site "Bratto - Castione della Presolana ITA"]
[Date "2012.08.19"]
[Round "2"]
[White "Gioseffi, Massimiliano"]
[Black "Ventura, Salvatore"]
[WhiteElo "2128"]
[BlackElo "2026"]
[Result "1/2-1/2"]
[PlyCount "119"]
[EventDate "2012.08.18"]

1. d4 f5 2. g3 Nf6 3. Bg2 e6 4. Nh3 Be7 5. O-O O-O 6. c4 d6 7. Qb3 c6 8. Rd1
Qb6 9. Qc2 e5 10. c5 Qc7 11. dxe5 dxe5 12. Qc4+ Kh8 13. Ng5 Bd8 14. Nc3 Qe7 15.
Nf7+ Rxf7 16. Rxd8+ Qxd8 17. Qxf7 Na6 18. Be3 Qg8 19. Qe7 Qe8 20. Qxe8+ Nxe8
21. Rd1 Be6 22. a3 Nf6 23. b4 Nc7 24. Bc1 Bd5 25. Nxd5 Ncxd5 26. Bb2 e4 27. Bh3
Ng4 28. e3 h5 29. Bf1 a6 30. Bc4 Ngf6 31. Kg2 Kh7 32. Kf1 Kg6 33. Ke2 Rh8 34.
h4 Re8 35. Ba1 Re7 36. Rb1 Rd7 37. a4 Nc7 38. Bd4 Nfd5 39. Be5 Kh6 40. Ba1 Kg6
41. Rd1 Nf6 42. Rxd7 Nxd7 43. Bd4 Nf8 44. Be5 Nfe6 45. Bd6 Kf6 46. f3 exf3+ 47.
Kxf3 Ne8 48. Bb8 N8c7 49. e4 Nd4+ 50. Ke3 Nce6 51. e5+ Ke7 52. Bd6+ Kd7 53. Bd3
g6 54. Kd2 Nf3+ 55. Ke3 Nfd4 56. Bb8 Kc8 57. Ba7 Kd7 58. Bb6 Ke7 59. Ba5 Nb3
60. Bb6 1/2-1/2

[Event "XXXII Festival Conca della Presolana Magistrale"]
[Site "Bratto - Castione della Presolana ITA"]
[Date "2012.08.19"]
[Round "2"]
[White "Giuriato, Sergio"]
[Black "Anuprita, Patil"]
[WhiteElo "2003"]
[BlackElo "2123"]
[Result "0-1"]
[PlyCount "76"]
[EventDate "2012.08.18"]

1. d4 d5 2. c4 c6 3. Nf3 Nf6 4. e3 e6 5. b3 Be7 6. Bd3 b6 7. O-O O-O 8. Bb2 Bb7
9. Nbd2 Nbd7 10. Ne5 Nxe5 11. dxe5 Nd7 12. Qc2 g6 13. e4 Nc5 14. exd5 Nxd3 15.
Qxd3 cxd5 16. Rad1 Rc8 17. Qg3 Qc7 18. h4 h5 19. Kh2 dxc4 20. Nxc4 Ba6 21. Rd4
Rfd8 22. Rfd1 Rxd4 23. Rxd4 Bxc4 24. Rxc4 Qd7 25. Rxc8+ Qxc8 26. Bd4 Qd8 27.
Qc3 Bxh4 28. b4 Bg5 29. b5 Qd5 30. a4 Kg7 31. Be3 Bxe3 32. Qxe3 Qc4 33. Qg5 Qd4
34. Qf6+ Kf8 35. Qg5 Qxf2 36. Qd8+ Kg7 37. Qb8 Qf4+ 38. Kg1 Qxa4 0-1

[Event "XXXII Festival Conca della Presolana Magistrale"]
[Site "Bratto - Castione della Presolana ITA"]
[Date "2012.08.19"]
[Round "2"]
[White "Jerez Perez, Alfonso"]
[Black "Ranfagni, Stefano"]
[WhiteElo "2412"]
[BlackElo "1980"]
[Result "1-0"]
[PlyCount "71"]
[EventDate "2012.08.18"]

1. e4 e6 2. b3 c5 3. Bb2 Nc6 4. Nf3 d6 5. g3 Nf6 6. Qe2 e5 7. Bg2 g6 8. O-O Bg7
9. c3 O-O 10. h3 Nh5 11. d4 cxd4 12. cxd4 Qb6 13. Na3 Nxd4 14. Nxd4 exd4 15.
Nc4 Qa6 16. Qd3 b5 17. Nd2 d5 18. exd5 Bf5 19. Qf3 Rac8 20. a4 Rc2 21. axb5
Qxb5 22. Nc4 Nf6 23. Na3 Be4 24. Qxe4 Nxe4 25. Nxb5 Nd2 26. Bxd4 Nxf1 27. Bxg7
Kxg7 28. Bxf1 Rd2 29. Bc4 f5 30. Rxa7+ Kh6 31. Nc3 f4 32. g4 Rc2 33. Ne4 Rc1+
34. Kh2 g5 35. Ra6+ Kg7 36. Nxg5 1-0

[Event "XXXII Festival Conca della Presolana Magistrale"]
[Site "Bratto - Castione della Presolana ITA"]
[Date "2012.08.19"]
[Round "2"]
[White "Maiorov, Nikita"]
[Black "Sharma, Dinesh K."]
[WhiteElo "2554"]
[BlackElo "2361"]
[Result "1-0"]
[PlyCount "103"]
[EventDate "2012.08.18"]

1. d4 Nf6 2. c4 g6 3. g3 c5 4. d5 b5 5. cxb5 a6 6. bxa6 Bxa6 7. Nc3 d6 8. Bg2
Bg7 9. Nf3 O-O 10. O-O Nbd7 11. Qc2 Qb6 12. Rd1 Rfb8 13. Rb1 Ng4 14. Bd2 Ra7
15. Be1 Rba8 16. b3 Bb7 17. a4 Ba6 18. h3 Ngf6 19. Bf1 Ne8 20. Nd2 Rb8 21. Na2
Bb7 22. Nc4 Qd8 23. Bg2 Rba8 24. a5 Rc8 25. b4 cxb4 26. Nxb4 Ne5 27. Nc6 Bxc6
28. dxc6 Nxc4 29. Qxc4 e6 30. Qf4 Qf6 31. Qe3 Rac7 32. Rb7 d5 33. Rxc7 Nxc7 34.
Qb6 Qd8 35. Rb1 Ra8 36. e3 Be5 37. Bf1 h5 38. a6 h4 39. a7 Kh7 40. f4 Bd6 41.
Bc3 hxg3 42. Qd4 e5 43. fxe5 Ne6 44. Qxd5 Qg5 45. Bd2 Qf5 46. Qg2 Bxe5 47. Rb7
Ng5 48. Kh1 Nf3 49. Bd3 Qf6 50. Bb4 Kh6 51. Be2 Nh4 52. Be7 1-0

[Event "XXXII Festival Conca della Presolana Magistrale"]
[Site "Bratto - Castione della Presolana ITA"]
[Date "2012.08.19"]
[Round "2"]
[White "Mamedov, Nidjat"]
[Black "Cacciola, Alfredo"]
[WhiteElo "2614"]
[BlackElo "2114"]
[Result "1-0"]
[PlyCount "81"]
[EventDate "2012.08.18"]

1. e4 c5 2. Nf3 d6 3. d4 cxd4 4. Nxd4 Nf6 5. Nc3 g6 6. Be3 Bg7 7. f3 Nc6 8. Qd2
O-O 9. Bc4 Bd7 10. O-O-O Ne5 11. Bb3 Rc8 12. Kb1 Re8 13. h4 h5 14. g4 hxg4 15.
h5 Nxh5 16. Bh6 Kh7 17. Bxg7 Kxg7 18. fxg4 Bxg4 19. Nf5+ Bxf5 20. exf5 Rh8 21.
fxg6 Nxg6 22. Rdf1 Nf6 23. Ne4 d5 24. Nxf6 exf6 25. Rxh8 Qxh8 26. Qxd5 Rc7 27.
Qd6 Re7 28. Qxf6+ Kf8 29. Qd6 Kg7 30. Qd4+ Kf8 31. Qxa7 Qh4 32. Qc5 Kg7 33.
Qc3+ Kf8 34. a3 Qg5 35. Qd4 Qg2 36. Qf6 Ne5 37. Bd5 Qg6 38. Qh8+ Qg8 39. Qh6+
Qg7 40. Qd6 Qg6 41. Rxf7+ 1-0

[Event "XXXII Festival Conca della Presolana Magistrale"]
[Site "Bratto - Castione della Presolana ITA"]
[Date "2012.08.19"]
[Round "2"]
[White "Marguerettaz, Davy"]
[Black "Gagliardi, Christian"]
[WhiteElo "2214"]
[BlackElo "2217"]
[Result "1/2-1/2"]
[PlyCount "110"]
[EventDate "2012.08.18"]

1. d4 Nf6 2. Nf3 d5 3. c4 e6 4. Nc3 Bb4 5. cxd5 exd5 6. Bg5 Nbd7 7. e3 c5 8.
Bd3 Qa5 9. Qc2 c4 10. Bf5 O-O 11. O-O Re8 12. Nd2 g6 13. Bh3 Kg7 14. Rae1 Bxc3
15. bxc3 Ne4 16. Nxe4 dxe4 17. Bf4 Nb6 18. Bxc8 Raxc8 19. f3 exf3 20. Rxf3 f5
21. Be5+ Kg8 22. e4 fxe4 23. Qxe4 Qd5 24. Qh4 Nd7 25. Rh3 h5 26. Qg5 Nxe5 27.
Rxe5 Qf7 28. Rxh5 Rxe5 29. dxe5 Rf8 30. h3 Qf1+ 31. Kh2 Qf4+ 32. Qxf4 Rxf4 33.
Rg5 Kg7 34. Kg3 Re4 35. Kf3 Re1 36. Rg4 b5 37. Re4 Rc1 38. Re3 Kf7 39. g4 Rf1+
40. Ke4 Ke6 41. h4 a6 42. h5 gxh5 43. gxh5 Rh1 44. Rf3 Rxh5 45. Rf6+ Ke7 46.
Rxa6 Rh3 47. Kd4 Rd3+ 48. Kc5 Rxc3 49. Kxb5 Re3 50. Kxc4 Rxe5 51. a4 Kd7 52.
Rb6 Kc7 53. Rb3 Rh5 54. Rb5 Rxb5 55. axb5 Kb8 1/2-1/2

[Event "XXXII Festival Conca della Presolana Magistrale"]
[Site "Bratto - Castione della Presolana ITA"]
[Date "2012.08.19"]
[Round "2"]
[White "Neelotpal, Das"]
[Black "Rambaldi, Francesco"]
[WhiteElo "2469"]
[BlackElo "2272"]
[Result "1/2-1/2"]
[PlyCount "58"]
[EventDate "2012.08.18"]

1. d4 Nf6 2. c4 g6 3. Nc3 d5 4. Nf3 Bg7 5. Qa4+ Bd7 6. Qb3 dxc4 7. Qxc4 O-O 8.
Bf4 Na6 9. e4 c5 10. e5 Nh5 11. Be3 Bg4 12. dxc5 Bxf3 13. gxf3 Bxe5 14. a3 Qa5
15. Rc1 Rac8 16. Qb5 Qxb5 17. Nxb5 Nc7 18. Nxc7 Rxc7 19. b4 a5 20. Rb1 axb4 21.
axb4 Ra8 22. Bc4 Bc3+ 23. Ke2 Ra4 24. Bb3 Ra8 25. b5 Be5 26. b6 Rcc8 27. Rhd1
e6 28. Rd7 Rab8 29. h3 Nf4+ 1/2-1/2

[Event "XXXII Festival Conca della Presolana Magistrale"]
[Site "Bratto - Castione della Presolana ITA"]
[Date "2012.08.19"]
[Round "2"]
[White "Negro, Roberto"]
[Black "Podini, Francesco"]
[WhiteElo "2117"]
[BlackElo "2021"]
[Result "1-0"]
[PlyCount "44"]
[EventDate "2012.08.18"]

1. d4 Nf6 2. Nf3 c5 3. e3 e6 4. Bd3 Nc6 5. b3 Be7 6. O-O O-O 7. Bb2 d5 8. Nbd2
b6 9. Ne5 Bb7 10. f4 Rc8 11. a3 Na5 12. dxc5 bxc5 13. Qe1 c4 14. bxc4 dxc4 15.
Ndxc4 Nxc4 16. Nxc4 Qd5 17. Qe2 Ne4 18. Rad1 Rfd8 19. Ne5 Qa2 20. Rb1 Bxa3 21.
Bxa3 Nc3 22. Bxh7+ Kh8 1-0

[Event "XXXII Festival Conca della Presolana Magistrale"]
[Site "Bratto - Castione della Presolana ITA"]
[Date "2012.08.19"]
[Round "2"]
[White "Pantaleoni, Claudio"]
[Black "Moncelli, Giorgio"]
[WhiteElo "2161"]
[BlackElo "2070"]
[Result "0-1"]
[PlyCount "140"]
[EventDate "2012.08.18"]

1. d4 d5 2. c4 e6 3. Nc3 Nf6 4. Bg5 Be7 5. e3 O-O 6. Nf3 h6 7. Bh4 b6 8. Qc2
Bb7 9. Bxf6 Bxf6 10. cxd5 exd5 11. O-O-O c5 12. g4 Nc6 13. h4 g6 14. g5 hxg5
15. hxg5 Bg7 16. Qa4 cxd4 17. exd4 Rc8 18. Kb1 a6 19. Qc2 Re8 20. Qd2 Qd6 21.
Rh4 Rc7 22. Qf4 Qxf4 23. Rxf4 Na5 24. Na4 Nc4 25. Bd3 b5 26. Nc3 Rce7 27. b3
Nd6 28. Rc1 Ne4 29. Nd1 Rc8 30. Rxc8+ Bxc8 31. Bc2 Bb7 32. Kb2 b4 33. Rh4 a5
34. Rh2 Ba6 35. Ne3 Nc3 36. Rh1 Be2 37. Ne5 Bxe5 38. dxe5 Rxe5 39. Rg1 d4 40.
Ng4 Bxg4 41. Rxg4 d3 42. Bxd3 Nd1+ 43. Kc2 Nxf2 44. Rg2 Nxd3 45. Kxd3 Kf8 46.
Kd4 Rf5 47. Ke4 Ke7 48. Kd4 Kd6 49. Ke4 Ke6 50. Kd4 Re5 51. Kc4 Rf5 52. Kd4 Re5
53. Kc4 f5 54. gxf6 Kxf6 55. Kd4 g5 56. Rf2+ Rf5 57. Rg2 Rf4+ 58. Kc5 g4 59.
Kb6 Kg5 60. Kxa5 Kh4 61. Rh2+ Kg3 62. Rh8 Kf2 63. Rg8 g3 64. Ka4 g2 65. a3
bxa3+ 66. Kxa3 g1=Q 67. Rxg1 Kxg1 68. b4 Kf2 69. Ka4 Ke3 70. Ka5 Kd4 0-1